LEADER 01260nam a2200277 i 4500 001 000000158005 003 CaOOAMICUS 005 20070125000000.0 008 070125s2000 it u000 u ita u 013 $a135368 020 $a88-01-01928-9 040 $aSeMil$bita 100 1 $aVibert, Pierre.$0(OLS)http://semarc/name/61638 240 10$aPréparer et célébrer les funérailles : Avec les équipes liturgiques.$0(OLS)http://semarc/title/231825 245 10$aPreparare e celebrare i funerali :$bin parrocchia e in famiglia /$cPierre Vibert. 260 $aLeumann (Torino) :$bElledici,$ccopyr. 2000. 300 $a141 p. ;$c21 cm. 490 0 $aMateriali e strumenti per la celebrazione 650 4$aFunerale.$0(OLS)http://semarc/subject/8968 830 0$aMateriali e strumenti per la celebrazione.$0(OLS)http://semarc/title/22666 850 $aSeMil 852 $aSeMil$W1$xVenegono$y1$m3K IV 125$j109679$B109679$CSeMilBibl$Z2$F119724 $81 961 $aRecupero: Seminario di Seveso 996 $6020$a88-01-01928-9$9(OLS)http://semarc/number/148446 996 $6245$aPreparare e celebrare i funerali :$bin parrocchia e in famiglia$9(OLS)http://semarc/title/231824 996 $6260$aLeumann (Torino) :$bElledici$9(OLS)http://semarc/publisher/31236 LEADER 01114nam a2200253 i 4500 001 000000211398 003 CaOOAMICUS 005 20150807000000.0 008 150807s1981 it u000 u ita u 013 $a190211 040 $aSeMil$bita 100 1 $aChiusano, Italo Alighiero,$d<1926-1995>.$0(OLS)http://semarc/name/2997 245 13$aLe notti della Verna :$bazione drammatica in due tempi /$cItalo Alighiero Chiusano ; presentazione di Mario Pomilio ; disegni di Claudio Bonichi. 260 $aTorino :$bFògola,$c1981. 300 $a22 cm. 490 0 $aLa piazza universale 700 1 $aBonichi, Claudio.$0(OLS)http://semarc/name/75528 700 1 $aPomilio, Mario,$d<1921-1990>.$0(OLS)http://semarc/name/4097 830 3$aLa piazza universale.$0(OLS)http://semarc/title/20378 850 $aSeMil 852 $aSeMil$W1$xVenegono$y1$m1A III 46$j161838$B161838$CSeMilBibl$Z2$F205467 $81 961 $aLascito: Calori don Carlo 996 $6245$aLe notti della Verna :$bazione drammatica in due tempi$9(OLS)http://semarc/title/305404 996 $6260$aTorino :$bFògola$9(OLS)http://semarc/publisher/34059